000 00243nam a2200097Ia 4500
001 1196745
005 20250827021812.0
008 250824s9999 xx 000 0 und d
245 0 _aBEŞ RAHMET KAPISI
_cUĞUR KOŞAR
260 _bDESTEK YAYINLARI
999 _c1196745
_d1196745